| Tag |
First Indicator |
Second Indicator |
Subfields |
| LEADER |
00000pam a22000004a 4500 |
| 001 |
in00002038513 |
| 005 |
20151101050541.0 |
| 008 |
040513s2004 cau b 001 0 eng |
| 010 |
|
|
|a 2004011390
|
| 020 |
|
|
|a 0520242734 (cloth : alk. paper)
|
| 035 |
|
|
|a (OCoLC)ocm55149433
|
| 040 |
|
|
|a DLC
|c DLC
|d UtOrBLW
|
| 042 |
|
|
|a pcc
|
| 043 |
|
|
|a n-us---
|
| 049 |
|
|
|a TXAM
|
| 050 |
0 |
0 |
|a KF3512
|b .W67 2004
|
| 082 |
0 |
0 |
|a 344.7301/252
|2 22
|
| 100 |
1 |
|
|a Wooten, James A.,
|d 1958-
|
| 245 |
1 |
4 |
|a The employee retirement income security act of 1974 :
|b a political history /
|c James A. Wooten.
|
| 264 |
|
1 |
|a Berkeley :
|b University of California Press ;
|a New York :
|b Milbank Memorial Fund ;
|a Washington, D.C. :
|b Employee Benefit Research Institute,
|c [2004]
|
| 264 |
|
4 |
|c ©2004
|
| 300 |
|
|
|a xv, 415 pages ;
|c 24 cm.
|
| 336 |
|
|
|a text
|b txt
|2 rdacontent
|
| 337 |
|
|
|a unmediated
|b n
|2 rdamedia
|
| 338 |
|
|
|a volume
|b nc
|2 rdacarrier
|
| 490 |
1 |
|
|a California/Milbank books on health and the public ;
|v 11
|
| 504 |
|
|
|a Includes bibliographical references (pages 287-399) and index.
|
| 505 |
0 |
|
|a Policy-making for private pensions : the genesis and structure of a policy domain -- "The most glorious story of failure in the business" : the Studebaker-Packard Corporation and the origins of ERISA -- "The 'bible' in this field" : the President's Committee on Corporate Pension Funds and the origins of ERISA -- "A new legislative era in this country" : pension reform from blueprint to bill -- "A major American institution, built upon human disappointment" : agenda-setting in the U.S. Senate -- A green light in the Senate -- A donnybrook in the House -- Enacting ERISA.
|
| 610 |
1 |
0 |
|a United States.
|t Employment Retirement Income Security Act of 1974
|x History.
|
| 650 |
|
0 |
|a Pension trusts
|x Law and legislation
|z United States
|x History.
|
| 650 |
|
0 |
|a Pension trusts
|z United States
|x History.
|
| 710 |
2 |
|
|a Milbank Memorial Fund.
|
| 830 |
|
0 |
|a California/Milbank books on health and the public ;
|v 11.
|
| 945 |
|
|
|i PromptCat
|
| 947 |
|
|
|a A14831520357
|
| 948 |
|
|
|a cataloged
|b h
|c 2005/3/8
|d c
|e dmitchel
|f 2:40:20 pm
|
| 994 |
|
|
|a 92
|b TXA
|
| 999 |
|
|
|a MARS
|
| 999 |
f |
f |
|s 9fc3927d-ff5a-3b9c-ac09-e67877fba503
|i 36eb0935-52e6-33f0-a0e6-54a1c8e5f43f
|t 0
|
| 952 |
f |
f |
|p ric
|a Texas A&M University
|b Rellis Campus
|c Joint Library Facility
|d Remote Storage
|t 0
|e KF3512 .W67 2004
|h Library of Congress classification
|i unmediated -- volume
|m A14831520357
|
| 998 |
f |
f |
|a KF3512 .W67 2004
|t 0
|l Remote Storage
|